00629nam a2200181Ia 4500008004100000082001700041100001400058245005700072250000800129260002900137300001200166500002400178650001500202942000700217952010300224952010300327999001700430230524s9999 xx 000 0 und d a621.382bMEH aV.K.Mehta 0aPrinciples of Electrical Engineering and Electronics a1ST aNEW DELHIbS.Chandc2005 aXII;721 aQuantity Number: 2 aElectrical cBK 00104070aTATCLbTATCLcGENd2023-05-24l0o621.382 MEHp664r2023-05-24w2023-05-24yBKzBE2102 00104070aTATCLbTATCLcGENd2023-05-24l0o621.382 MEHp665r2023-05-24w2023-05-24yBKzBE2102 c20783d20783